000 00416nam a2200157Ia 4500
008 160316s1990 xxu||||| |||| 00| 0 eng d
082 _a0.000000
_b
100 _a
245 _aNature museums : Tools for learning about, promoting and protecting the natural heritage of Europe
250 _a
260 _aStrasbourg
_bCouncil of Europe
_c1990
300 _a67p
_b
_c
365 _b
650 _a
700 _a
_a
999 _c17971
_d17971